Marvel Comics - Top 50 most famous Superheroes - Statistics

General Stats
  • This quiz has been taken 666 times
  • The average score is 40 of 50
Answer Stats
# Hint Superhero % Correct
01. The First Avenger Captain America
99%
06. Genius billionaire Iron Man
99%
03. Webshooter Spiderman
99%
02. The Nordic God Thor
99%
04. The Green Machine Hulk
98%
05. Adamantium claws Wolverine
98%
19. Can become tiny Ant-Man
95%
20. King of Wakanda Black Panther
95%
15. Russian spy Black Widow
94%
08. Leads the Guardians Starlord
94%
25. Sorcerer Supreme Dr. Strange
92%
14. He's a racoon? Rocket Racoon
92%
18. Can be tiny and fly Wasp
92%
26. Thanos's adoptive daughter Gamora
91%
09. Flame on The Human Torch
91%
17. Blind Lawyer Daredevil
90%
13. I am ........ Groot
89%
07. Leader of the X-Men Professor X
89%
27. Rides on a board Silver Surfer
89%
23. Controlls the weather Storm
89%
10. Can stretch himself Mr Fantastic
88%
16. Insane 4th-wall breaker Deadpool
87%
12. It's clobbering time The Thing
87%
22. Lazer-eyes Cyclops
86%
31. The forgettable Avenger Hawkeye
86%
24. Daughter of Magneto Scarlet Witch
86%
11. You can't see her Invisible Woman
84%
21. Most powerful X-Men Jean Grey
81%
42. Mutant Speedster Quicksilver
81%
30. Stark's sidekick War Machine
81%
35. Devilish Biker Ghost Rider
80%
29. Captain's sidekick Falcon
78%
38. Can create ice Iceman
76%
28. He lifted the hammer Vision
76%
34. Blue, powerful mutant Beast
74%
49. Webshooter's female counterpart Spiderwoman
74%
36. Blue, teleporting mutant Nightcrawler
69%
33. Card-throwing mutant Gambit
68%
32. The destroyer Drax
66%
39. Can steal people's powers Rogue
65%
41. Superhuman, former pilot Captain Marvel
62%
40. Mutant that can turn metal Colossus
61%
47. Protector of K'un-Fun Iron Fist
61%
50. The UK's own superhero Captain Britain
60%
45. Ex-convict turned street-hero Luke Cage
58%
43. Red-dressed, female assassin Elektra
57%
48. Shapeshifts into diamonds Emma Frost
45%
46. Former victim turned investigator Jessica Jones
44%
44. Phases through walls Shadowcat
37%
36. Schizophrenic Ex-mercenary Moon Knight
30%
No matching quizzes found
Score Distribution
Percent of People with Each Score
Percentile by Number Answered
Your Score History
You have not taken this quiz